<?xml version="1.0" encoding="UTF-8"?>
<record
    xmlns:xsi="http://www.w3.org/2001/XMLSchema-instance"
    xsi:schemaLocation="http://www.loc.gov/MARC21/slim http://www.loc.gov/standards/marcxml/schema/MARC21slim.xsd"
    xmlns="http://www.loc.gov/MARC21/slim">

  <leader>01223nam a2200325 a 4500</leader>
  <controlfield tag="001">000114912</controlfield>
  <controlfield tag="003">CHAP</controlfield>
  <controlfield tag="005">20251127090246.0</controlfield>
  <controlfield tag="008">180806s2017    mx     |s     ||||||spa d</controlfield>
  <datafield tag="010" ind1=" " ind2=" ">
    <subfield code="a">111373</subfield>
  </datafield>
  <datafield tag="011" ind1=" " ind2=" ">
    <subfield code="a">112345</subfield>
  </datafield>
  <datafield tag="040" ind1=" " ind2=" ">
    <subfield code="c">CHAP</subfield>
  </datafield>
  <datafield tag="090" ind1=" " ind2=" ">
    <subfield code="a">CD-484</subfield>
  </datafield>
  <datafield tag="245" ind1="0" ind2="0">
    <subfield code="a">Calidad del caf&#xE9; en M&#xE9;xico</subfield>
    <subfield code="h">[Disco compacto]</subfield>
    <subfield code="c">coordinado por Jos&#xE9; Domingo Robledo Mart&#xED;nez y Salvador D&#xED;az C&#xE1;rdenas.</subfield>
  </datafield>
  <datafield tag="260" ind1=" " ind2=" ">
    <subfield code="a">Huatusco, Ver. :</subfield>
    <subfield code="b">CENACAFE :</subfield>
    <subfield code="b">UACH :</subfield>
    <subfield code="b">SAGARPA,</subfield>
    <subfield code="c">[2017].</subfield>
  </datafield>
  <datafield tag="300" ind1=" " ind2=" ">
    <subfield code="a">1 DVD ;</subfield>
    <subfield code="c">4 3/4 plg.</subfield>
  </datafield>
  <datafield tag="490" ind1=" " ind2=" ">
    <subfield code="a">Estrat&#xE9;gias de innovaci&#xF3;n y desarrollo tecnol&#xF3;gico en la cafeticultura mexicana</subfield>
    <subfield code="v">1</subfield>
  </datafield>
  <datafield tag="590" ind1=" " ind2=" ">
    <subfield code="a">E11695DGD</subfield>
    <subfield code="b">10</subfield>
    <subfield code="c">20190503</subfield>
    <subfield code="l">UCH01</subfield>
    <subfield code="h">1107</subfield>
  </datafield>
  <datafield tag="590" ind1=" " ind2=" ">
    <subfield code="a">E5765TAJ</subfield>
    <subfield code="b">05</subfield>
    <subfield code="c">20180806</subfield>
    <subfield code="l">UCH01</subfield>
    <subfield code="h">0850</subfield>
  </datafield>
  <datafield tag="650" ind1="1" ind2="4">
    <subfield code="a">Caf&#xE9;</subfield>
    <subfield code="x">Calidad.</subfield>
    <subfield code="9">17114</subfield>
  </datafield>
  <datafield tag="650" ind1="1" ind2="4">
    <subfield code="a">Caf&#xE9;</subfield>
    <subfield code="x">Mercadeo.</subfield>
    <subfield code="9">17169</subfield>
  </datafield>
  <datafield tag="650" ind1="1" ind2="4">
    <subfield code="a">Cafeticultores</subfield>
    <subfield code="x">Desarrollo sustentable.</subfield>
    <subfield code="9">133420</subfield>
  </datafield>
  <datafield tag="650" ind1="1" ind2="4">
    <subfield code="a">Desarrollo sustentable</subfield>
    <subfield code="x">Aspectos ambientales.</subfield>
    <subfield code="9">131313</subfield>
  </datafield>
  <datafield tag="700" ind1="1" ind2=" ">
    <subfield code="a">D&#xED;az C&#xE1;rdenas, Salvador</subfield>
    <subfield code="e">coord.</subfield>
    <subfield code="9">33418</subfield>
  </datafield>
  <datafield tag="700" ind1="0" ind2=" ">
    <subfield code="a">Robledo Mart&#xED;nez, Jos&#xE9; Domingo</subfield>
    <subfield code="e">coord.</subfield>
    <subfield code="9">98036</subfield>
  </datafield>
  <datafield tag="830" ind1=" " ind2="0">
    <subfield code="a">Estrat&#xE9;gias de innovaci&#xF3;n y desarrollo tecnol&#xF3;gico en la cafeticultura mexicana</subfield>
    <subfield code="v">1</subfield>
    <subfield code="9">135308</subfield>
  </datafield>
  <datafield tag="901" ind1=" " ind2=" ">
    <subfield code="a">BK</subfield>
  </datafield>
  <datafield tag="942" ind1=" " ind2=" ">
    <subfield code="c">DVD</subfield>
  </datafield>
  <datafield tag="942" ind1=" " ind2=" ">
    <subfield code="n">0</subfield>
  </datafield>
  <datafield tag="999" ind1=" " ind2=" ">
    <subfield code="c">111373</subfield>
    <subfield code="d">111373</subfield>
  </datafield>
  <datafield tag="952" ind1=" " ind2=" ">
    <subfield code="0">0</subfield>
    <subfield code="1">0</subfield>
    <subfield code="4">0</subfield>
    <subfield code="5">4</subfield>
    <subfield code="7">1</subfield>
    <subfield code="8">MM</subfield>
    <subfield code="a">BC</subfield>
    <subfield code="b">BC</subfield>
    <subfield code="d">2018-08-06</subfield>
    <subfield code="f">DVD</subfield>
    <subfield code="l">0</subfield>
    <subfield code="o">CD-484</subfield>
    <subfield code="p">33724002554017</subfield>
    <subfield code="r">2019-12-31 00:00:00</subfield>
    <subfield code="w">2019-12-31</subfield>
    <subfield code="y">DVD</subfield>
    <subfield code="z">Recien adquirido</subfield>
  </datafield>
  <datafield tag="952" ind1=" " ind2=" ">
    <subfield code="0">0</subfield>
    <subfield code="1">0</subfield>
    <subfield code="4">0</subfield>
    <subfield code="5">4</subfield>
    <subfield code="7">1</subfield>
    <subfield code="8">MM</subfield>
    <subfield code="a">BC</subfield>
    <subfield code="b">BC</subfield>
    <subfield code="d">2018-08-06</subfield>
    <subfield code="f">DVD</subfield>
    <subfield code="l">0</subfield>
    <subfield code="o">CD-484</subfield>
    <subfield code="p">33724002554058</subfield>
    <subfield code="r">2019-12-31 00:00:00</subfield>
    <subfield code="t">c.2</subfield>
    <subfield code="w">2019-12-31</subfield>
    <subfield code="y">DVD</subfield>
    <subfield code="z">Recien adquirido</subfield>
  </datafield>
</record>
